Middle East, North Africa & Central Asia Economic Factbook 2015-16.

Bibliographic Details
Format: Book
Published: Sydney: Asia Pacific InfoServ PTY LTD, 2015.
Subjects:
LEADER 00552cam a2200157 7i4500
001 0000032869
005 20151208090000.0
020 0 0 |a 978-1-925109-40-5  
090 0 0 |a I 330   |b MID 
245 0 0 |a Middle East, North Africa & Central Asia Economic Factbook 2015-16. 
260 0 0 |a Sydney:   |b Asia Pacific InfoServ PTY LTD,   |c 2015. 
300 # # |a 264 p;   |c 30 cm. 
651 0 0 |a Middle East --   |x Economic conditions  
651 0 0 |a Africa --   |x Economic conditions  
651 0 0 |a Asia, Central --   |x Economic conditions  
999 |a B000036876  |b Book  |c Regions  |e Business Information Centre